Académicos : el caso de la UAM (Record no. 61755)

MARC details
000 -CABECERA
campo de control de longitud fija 00458nam a2200181 a 4500
005 - FECHA Y HORA DE LA ÚLTIMA TRANSACCIÓN
campo de control 20220920063653.0
008 - ELEMENTOS DE LONGITUD FIJA--INFORMACIÓN GENERAL
campo de control de longitud fija 991125n 000 0 spa u
035 ## - NÚMERO DE CONTROL DEL SISTEMA
Número de control de sistema UPN01000062504
100 1# - ASIENTO PRINCIPAL--NOMBRE PERSONAL
Nombre de persona López Zárate, Romualdo
9 (RLIN) 31610
222 ## - TÍTULO CLAVE
Título clave UNIVERSIDAD FUTURA
245 ## - MENCIÓN DE TÍTULO
Título Académicos : el caso de la UAM
300 ## - DESCRIPCIÓN FÍSICA
Extensión 106-118
362 0# - FECHAS DE PUBLICACIÓN Y/O DESIGNACIÓN SECUENCIAL
Fecha de publicación y/o designación secuencial 1991 Vol.3, nos.8 y 9
653 0# - TERMINO DE INDIZACION - NO CONTROLADO
Término no controlado DOCENTES
653 0# - TERMINO DE INDIZACION - NO CONTROLADO
Término no controlado UAM
904 ## - ELEMENTOS DE DATOS D LOCAL, LDD (RLIN)
a AC
b 000315
905 ## - TIPO DE MATERIAL
Tipo de material Articulo

No items available.